Communicating the Gospel God's way / (Record no. 5597)

MARC details
000 -LEADER
fixed length control field 00771cam a2200253Ia 4500
001 - CONTROL NUMBER
control field 6548
003 - CONTROL NUMBER IDENTIFIER
control field GBCCL
005 - DATE AND TIME OF LATEST TRANSACTION
control field 20241126110545.0
008 - FIXED-LENGTH DATA ELEMENTS--GENERAL INFORMATION
fixed length control field 810223r19801979cau 00010 eng d
010 ## -
-- 80053945
020 ## - INTERNATIONAL STANDARD BOOK NUMBER
International Standard Book Number 0878087427
035 ## - SYSTEM CONTROL NUMBER
System control number OCM07146647
040 ## - CATALOGING SOURCE
Original cataloging agency IGR
Transcribing agency IGR
Modifying agency LBB
049 ## -
-- LBBK
082 ## - DEWEY DECIMAL CLASSIFICATION NUMBER
Classification number 254.3
Item number KRA
092 ## - LOCALLY ASSIGNED DEWEY CALL NUMBER (OCLC)
Classification number 230.044
Item number K91
100 10 - MAIN ENTRY--PERSONAL NAME
Personal name Kraft, Charles H.
9 (RLIN) 2223
245 10 - TITLE STATEMENT
Title Communicating the Gospel God's way /
Statement of responsibility, etc. Charles H. Kraft.
260 0# - PUBLICATION, DISTRIBUTION, ETC.
Place of publication, distribution, etc. Pasadena, Calif. :
Name of publisher, distributor, etc. William Carey Library,
Date of publication, distribution, etc. [1980?]
300 ## - PHYSICAL DESCRIPTION
Extent 60 p. ;
Dimensions 22 cm.
500 ## - GENERAL NOTE
General note Originally published as v. 12 no. 1 of the Ashland Theological Bulletin, Spring 1979.
650 #0 - SUBJECT ADDED ENTRY--TOPICAL TERM
Topical term or geographic name entry element Communication
General subdivision Religious aspects
-- Christianity.
9 (RLIN) 1427
942 ## - ADDED ENTRY ELEMENTS (KOHA)
Source of classification or shelving scheme Dewey Decimal Classification
Koha item type Books
Koha issues (borrowed), all copies 2
Holdings
Withdrawn status Lost status Source of classification or shelving scheme Damaged status Not for loan Home library Current Library Shelving location Date acquired Total checkouts Full call number Barcode Date last seen Date last checked out Copy number Price effective from Koha item type
    Dewey Decimal Classification     GRACE BIBLE COLLEGE GRACE BIBLE COLLEGE Ministry & Mission 2018-03-28 3 254.3 KRA 006263 2025-10-03 2025-09-22 c.1 2018-03-28 Books
© Grace Bible College Library 2025